Integrated approach to software engineering (Record no. 130249)

MARC details
000 -LEADER
fixed length control field 00410nam a2200157Ia 4500
008 - FIXED-LENGTH DATA ELEMENTS--GENERAL INFORMATION
fixed length control field 230917s9999||||xx |||||||||||||| ||und||
040 ## - CATALOGING SOURCE
-- 110183
Original cataloging agency VIVEKANANDA LIBRARY
041 ## - Language
-- English
082 ## - DDC NUMBER
Classification number 005.1 J29I
100 ## - MAIN ENTRY--PERSONAL NAME
Personal name Jalote, Pankaj
245 #0 - TITLE STATEMENT
Title Integrated approach to software engineering
250 ## - EDITION STATEMENT
Edition statement 3rd ed.
260 ## - PUBLICATION, DISTRIBUTION, ETC. (IMPRINT)
Place of publication, distribution, etc New Delhi
Name of publisher, distributor, etc Narosa Publishing House
Date of publication, distribution, etc 2005
300 ## - PHYSICAL DESCRIPTION
Pages xiii, 495 p.
942 ## - ADDED ENTRY ELEMENTS (KOHA)
Koha item type Books
Holdings
Withdrawn status Lost status Damaged status Not for loan Location (home branch) Sublocation or collection (holding branch) Shelving location Date acquired Koha issues (times borrowed) Koha full call number Accession No. Koha date last seen Koha item type
        VIVEKANANDA LIBRARY VIVEKANANDA LIBRARY UIET Library 15/05/2006   005.1 J29I 228275 17/09/2023 Books
        VIVEKANANDA LIBRARY VIVEKANANDA LIBRARY   15/05/2006   005.1 J29I 228276 17/09/2023 Books
        VIVEKANANDA LIBRARY VIVEKANANDA LIBRARY   15/05/2006   005.1 J29I 228277 17/09/2023 Books
        VIVEKANANDA LIBRARY VIVEKANANDA LIBRARY UIET Library 15/05/2006   005.1 J29I 228279 17/09/2023 Books
        VIVEKANANDA LIBRARY VIVEKANANDA LIBRARY UIET Library 15/05/2006   005.1 J29I 228280 17/09/2023 Books
        VIVEKANANDA LIBRARY VIVEKANANDA LIBRARY UIET Library 15/05/2006   005.1 J29I 228281 17/09/2023 Books
        VIVEKANANDA LIBRARY VIVEKANANDA LIBRARY UIET Library 15/05/2006   005.1 J29I 228282 17/09/2023 Books
        VIVEKANANDA LIBRARY VIVEKANANDA LIBRARY UIET Library 15/05/2006   005.1 J29I 228283 17/09/2023 Books
        VIVEKANANDA LIBRARY VIVEKANANDA LIBRARY UIET Library 15/05/2006   005.1 J29I 228596 17/09/2023 Books
        VIVEKANANDA LIBRARY VIVEKANANDA LIBRARY UIET Library 15/05/2006   005.1 J29I 286630 17/09/2023 Books
        VIVEKANANDA LIBRARY VIVEKANANDA LIBRARY UIET Library 15/05/2006   005.1 J29I 286631 17/09/2023 Books
        VIVEKANANDA LIBRARY VIVEKANANDA LIBRARY   15/05/2006   005.1 J29I 315161 17/09/2023 Books
        VIVEKANANDA LIBRARY VIVEKANANDA LIBRARY   15/05/2006 1 005.1 J29I 315162 01/06/2024 Books
© Designed and Maintained by Vivekananda Library, MDU Rohtak